01160nam a2200217 a 450000100060000000300090000600800410001502000150005604000280007108200160009910000560011524500300017126000340020130000110023550503300024665000340057694200120061099900170062295201520063995201510079115189CO-ViMGA141112s2004 ck r 000 u spa d a9701025253 aCO-ViMGAbspacCO-ViMGA a511.8 D419m1 aDiaz Mata, Alfredo; Aguilera Gomez, Victor M.9642910aMatemáticas financieras aMexico, cMcGraw Hill, c1999 a467.p. aFundamentos Interes simple Interes compuesto Anualidades simples, ciertas, vencidas e inmediatas Anualidades anticipadas Anualidades diferidas El caso general de anualidades Amortización y fondos de amortización Inversión en bolsa de valores Depreciación Probabilidades y tablas de mortalidad Anualidades contingentes14aMATEMATICAS FINANCIERAS96430 2ddccBK c11516d11516 00102ddc40708001aMEVIGACOMbMEVIGACOMd2015-12-04hVolumen. 1 | 11/jun/2009l0o511.8 D419m p3543r2017-05-18 00:00:00tEj. 1w2015-12-04yBK 00102ddc40708003aMEVIECARbMEVIECARd2015-12-04hVolumen. 1 | 11/jun/2009l0o511.8 D419m p15189r2015-12-04 00:00:00tEj. 1w2015-12-04yBK